Normal view
MARC view
- Mendham, J,Denney, R.C,Barnes, J.D,Thomas, M.J.K
Entry Personal Name
001 - CONTROL NUMBER
- control field: 73830
003 - CONTROL NUMBER IDENTIFIER
- control field: NUST
005 - DATE AND TIME OF LATEST TRANSACTION
- control field: 20210628205105.0
008 - FIXED-LENGTH DATA ELEMENTS
- fixed length control field: 210628|| aca||aabn | a|a d
040 ## - CATALOGING SOURCE
- Original cataloging agency: NUST
- Transcribing agency: NUST
100 ## - HEADING--PERSONAL NAME
- Personal name: Mendham, J,Denney, R.C,Barnes, J.D,Thomas, M.J.K
670 ## - SOURCE DATA FOUND
- Source citation: Work cat.: (NUST): Mendham, J,Denney, R.C,Barnes, J.D,Thomas, M.J.K, Vogel's textbook of quantitative chemical analysis, 2007
